000 00890nam a22002537a 4500
003 OSt
005 20201105135509.0
008 130408s2007 dr 000 0 spa d
020 _a9789223199425 (print)
020 _a9789223199432 (web PDF)
040 _aDO-SdBNP
_bspa
_cBNPHU
082 _axxxxx
_bM516p
100 1 _aMejía, Radhamés
_964672
245 1 0 _aPercepción de la sociedad dominicana sobre el trabajo infantil /
_cRadhamés Mejía, Oscar Amargós ; presentación Laetitia Dumas
260 _aSanto Domingo :
_bIPEC,
_bOIT
_c2007.
300 _a94 p. ;
_c28 cm.
590 _aInventariado, 2020/ YL
700 1 2 _aAmargós, Oscar
_931119
700 1 2 _aDumas, Laetitia
_epres.
_977180
710 2 _aOficina Internacional del Trabajo
_97879
710 2 _aPrograma Internacional para la Erradicación del Trabajo Infantil
_977181
910 _aYLockward
942 _2ddc
_cLBS1
999 _c49091
_d49091